000 00596nam a2200181Ia 4500
008 100920s9999 xx 000 0 und d
082 _b59497
_a410 थ 89
100 _aआपटे वामन शिवराम.
245 _aनाट्य -व्यवहार.
260 _bश्रीराम बुक एजन्सी, पुणे.
_c1989
300 _a144
_bसाधी
365 _b50
520 _aभाषा.
630 _aनाट्य -व्यवहार.
650 _aभाषा.
730 _aनाट्य -व्यवहार.
942 _cBOOK
999 _c702911
_d702908